000 00436nam a22001697a 4500
003 MPLRDC
005 20220104164832.0
008 210129b ||||| |||| 00| 0 eng d
020 _a0-7105-0250-8
082 _a859.61 BEN
100 _aARCHIE BENNETT
245 _aTHE NEW COLOUR-PICTURE DICTIONARY FOR CHILDREN
_c
260 _a
_bPETER HADDOCK LTD
_c
300 _b
650 _aCHILDREN LITERATURE
942 _cBK
_o859.61 BEN
999 _c57171
_d57161